000
00241 a2200097 4500
001
64140
090
_c
37909
_d
37909
100
_a
Spiegel, Murray R
245
_a
Theory and problems of theoritical Mechanics
260
_a
N.Y
_b
Shaum's Series McGraw Hill
942
_a
NUST-CAE
999
_c
299213
_d
299213